<?xml version="1.0" encoding="UTF-8"?><?xml-stylesheet type="text/xsl" href="static/style.xsl"?><OAI-PMH xmlns="http://www.openarchives.org/OAI/2.0/" xmlns:xsi="http://www.w3.org/2001/XMLSchema-instance" xsi:schemaLocation="http://www.openarchives.org/OAI/2.0/ http://www.openarchives.org/OAI/2.0/OAI-PMH.xsd"><responseDate>2026-06-03T15:42:36Z</responseDate><request verb="GetRecord" identifier="oai:riuma.uma.es:10630/45577" metadataPrefix="marc">https://riuma.uma.es/rest/oai/request</request><GetRecord><record><header><identifier>oai:riuma.uma.es:10630/45577</identifier><datestamp>2026-02-20T00:47:22Z</datestamp><setSpec>com_10630_2254</setSpec><setSpec>col_10630_37956</setSpec></header><metadata><record xmlns="http://www.loc.gov/MARC21/slim" xmlns:dcterms="http://purl.org/dc/terms/" xmlns:doc="http://www.lyncode.com/xoai" xmlns:xsi="http://www.w3.org/2001/XMLSchema-instance" xsi:schemaLocation="http://www.loc.gov/MARC21/slim http://www.loc.gov/standards/marcxml/schema/MARC21slim.xsd">
   <leader>00925njm 22002777a 4500</leader>
   <datafield ind2=" " ind1=" " tag="042">
      <subfield code="a">dc</subfield>
   </datafield>
   <datafield ind2=" " ind1=" " tag="720">
      <subfield code="a">Gálvez-Criado, Antonio</subfield>
      <subfield code="e">author</subfield>
   </datafield>
   <datafield ind2=" " ind1=" " tag="260">
      <subfield code="c">2025</subfield>
   </datafield>
   <datafield ind2=" " ind1=" " tag="520">
      <subfield code="a">Los datos estadísticos y sociodemográficos muestran las dificultades de los jóvenes para vivir de forma independiente por los problemas para acceder a un empleo estable y a una vivienda digna. Nos centramos especialmente en jóvenes de 25 a 29 años, años clave para emprender una vida independiente y donde observamos una brecha entre jóvenes españoles y europeos. 
A partir de aquí se analiza cómo el derecho de alimentos frente a los progenitores (son hijos dependientes económicamente) puede ayudar u obstaculizar la emancipación. En primer lugar, se analiza el derecho de opción a la prestación "in natura" de los alimentantes (art. 149 CC) como obstáculo, abogando por su interpretación conforme a la realidad social y los principios constituciones. Por otra parte, se estudian los problemas que plantea la fijación de las pensiones alimenticias para los hijos en procesos matrimoniales y de menores y la posterior emancipación de estos. Se ofrecen algunas soluciones, pues la regulación del derecho de alimentos no prevé que los hijos puedan emanciparse, pero seguir siendo económicamente dependientes.</subfield>
   </datafield>
   <datafield ind1="8" ind2=" " tag="024">
      <subfield code="a">Gálvez Criado, A. (2025). Cómo puede ayudar la obligación legal de alimentos de los progenitores a la emancipación o vida independiente de los jóvenes en España. En: Miguel Ángel Gómez Salado, Marina Fernández Ramírez, José Luis Ruiz Santamaría (dirs.). El ajuste de las condiciones sociolaborales y nuevas realidades para la juventud. Madrid: Dykinson.</subfield>
   </datafield>
   <datafield ind1="8" ind2=" " tag="024">
      <subfield code="a">https://hdl.handle.net/10630/45577</subfield>
   </datafield>
   <datafield ind1="8" ind2=" " tag="024">
      <subfield code="a">1014679-4585</subfield>
   </datafield>
   <datafield tag="653" ind2=" " ind1=" ">
      <subfield code="a">Derecho de familia</subfield>
   </datafield>
   <datafield tag="653" ind2=" " ind1=" ">
      <subfield code="a">Pensión alimentaria</subfield>
   </datafield>
   <datafield ind2="0" ind1="0" tag="245">
      <subfield code="a">Cómo puede ayudar la obligación legal de alimentos de los progenitores a la emancipación o vida independiente de los jóvenes en España.</subfield>
   </datafield>
</record>
</metadata></record></GetRecord></OAI-PMH>